| 000 | 00795nam a22002417a 4500 | ||
|---|---|---|---|
| 005 | 20250728164017.0 | ||
| 008 | 250728b |||||||| |||| 00| 0 eng d | ||
| 020 | _a978-81-944434-0-7 (pbk) | ||
| 037 | _cTB | ||
| 040 |
_aCRL _cCRL |
||
| 041 |
_2eng _aeng |
||
| 084 |
_aO1119(Y11),6z Q9 _qCRL |
||
| 100 |
_aKasturia, Shivani _9816715 |
||
| 245 | _aInside the millennial mind essays by 100 young Indians 2019-2020 | ||
| 260 |
_aGurugram, India: _bTakhte, _c2019. |
||
| 300 | _aviii, 220p. | ||
| 365 |
_b250.00 _cINR |
||
| 650 |
_aEnglish Literature _9816716 |
||
| 650 |
_aChildren _9816717 |
||
| 650 |
_aEnglish Essays _9816718 |
||
| 942 |
_2CC _cTB _hO1119(Y11),6z Q9 _n0 |
||
| 999 |
_c1434345 _d1434345 |
||